[Event "Hamburg Robinow op"]
[Site "Hamburg"]
[Date "2005.10.06"]
[Round "6"]
[White "Meyer, Willi"]
[Black "Ahrens, Andre"]
[Result "0-1"]
[WhiteElo "1638"]
[BlackElo "1588"]
[PlyCount "80"]
[EventDate "2005.10.01"]
[EventType "swiss"]
[EventRounds "9"]
[EventCountry "GER"]
[SourceTitle "CBM 108 Extra"]
[Source "ChessBase"]
[SourceDate "2005.11.04"]
[SourceVersion "1"]
[SourceVersionDate "2005.11.04"]
[SourceQuality "1"]

1. d4 d5 2. Nc3 Nf6 3. f3 Nc6 4. e3 e5 5. Bb5 exd4 6. Bxc6+ bxc6 7. exd4 Bb4 8. Nge2 0-0 9. 0-0 Ba6 10. Re1 Re8 11. a3 Bd6 12. Bg5 h6 13. Bh4 Re6 14. Bg3 Qd7 15. Nf4 Rxe1+ 16. Qxe1 Re8 17. Qd2 c5 18. dxc5 Bxc5+ 19. Bf2 Bxf2+ 20. Qxf2 d4 21. Nce2 g5 22. Nd3 Re3 23. Nc5 Qb5 24. Nd3 Qc4 25. Rc1 c5 26. b3 Qd5 27. Rd1 g4 28. Nef4 Qf5 29. a4 gxf3 30. gxf3 Bb7 31. Qg3+ Kh7 32. Rf1 Re8 33. Kh1 Rg8 34. Qf2 Ne4 35. Qe2 Ng5 36. Rf2 Bc6 37. h4 Ne6 38. Rg2 Nxf4 39. Nxf4 Qxf4 40. Rxg8 Bxf3+ 0-1

[Event "Hamburg Robinow op"]
[Site "Hamburg"]
[Date "2005.10.04"]
[Round "4"]
[White "Meyer, Willi"]
[Black "Mueller, Hartmut Dieter"]
[Result "1/2-1/2"]
[WhiteElo "1638"]
[BlackElo "1466"]
[PlyCount "117"]
[EventDate "2005.10.01"]
[EventType "swiss"]
[EventRounds "9"]
[EventCountry "GER"]
[SourceTitle "CBM 108 Extra"]
[Source "ChessBase"]
[SourceDate "2005.11.04"]
[SourceVersion "1"]
[SourceVersionDate "2005.11.04"]
[SourceQuality "1"]

1. d4 Nf6 2. Nc3 e6 3. e4 Bb4 4. Qd3 b6 5. a3 Bxc3+ 6. bxc3 h6 7. Nf3 Bb7 8. e5 Ne4 9. Nd2 Ng5 10. f4 Nh7 11. Qg3 0-0 12. Bd3 f5 13. exf6 Nxf6 14. 0-0 Qe7 15. Nf3 Bxf3 16. Rxf3 d5 17. f5 Ne4 18. Bxe4 dxe4 19. Rf2 Rxf5 20. Rxf5 exf5 21. Bxh6 Nc6 22. Bf4 Rc8 23. Qg6 Qd7 24. Re1 Ne7 25. Qg3 Nd5 26. Be5 Rf8 27. Qh3 Qe7 28. c4 Nf6 29. Qxf5 Nd7 30. Qxe4 Nf6 31. Qh4 Qd7 32. Bxf6 Rxf6 33. Qe4 Rf8 34. Qe6+ Qf7 35. Qxf7+ Rxf7 36. c3 Rf6 37. Re4 Rc6 38. d5 Rc5 39. Kf2 Ra5 40. Re7 Rc5 41. Re4 Ra5 42. Ke3 Rxa3 43. Kd4 Ra5 44. Re7 Rc5 45. d6 cxd6 46. Rxa7 Kf8 47. Ra6 Rc6 48. Kd5 Rc5+ 49. Ke6 Kg8 50. Rxb6 Rxc4 51. Rb3 Rc6 52. Kd5 Ra6 53. c4 Kf7 54. h4 Ke7 55. Rb7+ Kf6 56. g4 g6 57. Rc7 g5 58. h5 Ra7 59. Rxa7 1/2-1/2

[Event "Hamburg Robinow op"]
[Site "Hamburg"]
[Date "2005.10.02"]
[Round "2"]
[White "Meyer, Willi"]
[Black "Klawitter, Bernd"]
[Result "0-1"]
[WhiteElo "1638"]
[BlackElo "1466"]
[PlyCount "114"]
[EventDate "2005.10.01"]
[EventType "swiss"]
[EventRounds "9"]
[EventCountry "GER"]
[SourceTitle "CBM 108 Extra"]
[Source "ChessBase"]
[SourceDate "2005.11.04"]
[SourceVersion "1"]
[SourceVersionDate "2005.11.04"]
[SourceQuality "1"]

1. d4 Nf6 2. Nc3 e6 3. e4 Bb4 4. e5 Ne4 5. Bd2 Nxd2 6. Qxd2 d5 7. a3 Be7 8. Nf3 c6 9. Bd3 h6 10. Ne2 Nd7 11. c3 a5 12. 0-0 b5 13. Ng3 Bg5 14. Qc2 Ba6 15. b4 a4 16. Nh5 Nb6 17. Nxg7+ Kd7 18. Nf5 exf5 19. Bxf5+ Kc7 20. Ne1 Nc4 21. Nd3 Nd2 22. Rfe1 Nb3 23. Rad1 Bc8 24. Bxc8 Qxc8 25. f4 Bh4 26. Nf2 Bxf2+ 27. Kxf2 Qg4 28. g3 h5 29. Qe2 Qh3 30. Kg1 Rae8 31. Qg2 Qf5 32. Re3 Re6 33. Rf1 Rg8 34. h3 Kb6 35. Kh2 Rgg6 36. Qe2 Re8 37. Qd3 Qd7 38. f5 Rg5 39. Ref3 Reg8 40. Qe3 Qc7 41. Qf4 f6 42. Qe3 Ka6 43. Qf4 Qg7 44. e6 Nd2 45. R1f2 Nxf3+ 46. Rxf3 Qe7 47. Kg2 Kb7 48. Kf2 Re8 49. Re3 Reg8 50. Rf3 Rg4 51. hxg4 Rxg4 52. Qh6 Rg5 53. Rf4 Ka6 54. Kf3 Kb6 55. Qh8 Kb7 56. Qh6 Kc7 57. Qh8 Kb7 0-1